000 02532nam0a2200421 4500
001 RU\NLR\bibl\1527350
005 20260405211156.0
021 _aRU
_b2010-37366
_92504
035 _a(nilc)RSL-KNO-004647466
035 _a(NLR Aleph) 001518694
090 _a126552
_c126552
100 _a20100519d2009 |||y0rusy50 ca
101 0 _arus
_deng
_eeng
102 _aRU
105 _aa zzzz|||||
200 1 _aОценка конкурентоспособности фирмы
_dCompany's competitiveness evaluation
_eмодульное учебное пособие для студентов специальности 080507 - Менеджмент организации
_fТ. А. Перевертова, С. И. Волков, В. Е. Илюшин
_gФедеральное агентство по образованию, Гос. образовательное учреждение высш. проф. образования "Тамбовский гос. ун-т им. Г. Р. Державина"
_zeng
210 _aТамбов
_cИзд-во ТГУ
_d2009
215 _a169, [1] с.
_cил.
_d21
300 _aАвт. также на англ. яз.: T.A. Perevertova [et al.]
300 _aРез. на англ. яз.
320 _aБиблиогр. в конце кн. (94 назв.) и в конце модулей
510 0 _6z11790
_aCompany's competitiveness evaluation
_zeng
606 1 _aФирмы
_jУчебные издания для высших учебных заведений
_xКонкурентоспособность
_92272387
_3RU\NLR\auth\661361924
610 0 _aЭкономика -- Российская Федерация -- Продукция и услуги -- Качество -- Учебник для высшей школы
686 _aУ9(2)0-823.2я73-1
_2rubbk
686 _aУ9(2)-13я73
686 _aУ21(2)24я73
700 1 _4070
_8rus
_7ca
_aПеревертова
_bТ. А.
_gТатьяна Александровна
_3RU\NLR\auth\7794310
_977236
701 1 _4070
_8rus
_7ca
_aВолков
_bС.И.
_cканд. экон. наук, макроэкономика
_gСергей Иванович
_3RU\NLR\auth\7724225
_97276
701 1 _aИлюшин
_bВ. Е.
_gВладислав Евгеньевич
_4070
790 1 _4070
_8rus
_7ba
_aPerevertova
_bT. A.
_gTat'jana Aleksandrovna
_3RU\NLR\auth\7794312
_977238
801 0 _aRU
_bРГБ
_c20100519
_grcr
801 1 _aRU
_bРГБ
_c20100519
801 2 _aRU
_bNLR
_c20100624
_grcr
942 _cBOOK
980 _aNB
980 _aNBR